000 00219nam a2200097Ia 4500
008 240331s9999 xx 000 0 und d
082 _bCLA
100 _aClark, P
245 4 _aThe emperor Jones, The Nairy Ape
942 _cL
999 _c3142
_d3142